Silahlı çatışmalarda sivillerin korunması (Record no. 7952)

000 -LEADER
fixed length control field 01003nmm a2200313 a 4500
001 - CONTROL NUMBER
control field ocm000652796
003 - CONTROL NUMBER IDENTIFIER
control field TR-IsHL
005 - DATE AND TIME OF LATEST TRANSACTION
control field 20201028141706.0
008 - FIXED-LENGTH DATA ELEMENTS--GENERAL INFORMATION
fixed length control field 131226s2007 tu tur
007 - PHYSICAL DESCRIPTION FIXED FIELD--GENERAL INFORMATION
fixed length control field cr cn
020 ## - INTERNATIONAL STANDARD BOOK NUMBER
International Standard Book Number 9789944322768
035 ## - SYSTEM CONTROL NUMBER
System control number 652796
-- (N$T)
050 04 - LIBRARY OF CONGRESS CALL NUMBER
Classification number KZ6515
Item number .Y36 2007
090 04 - LOCALLY ASSIGNED LC-TYPE CALL NUMBER (OCLC); LOCAL CALL NUMBER (RLIN)
Classification number (OCLC) (R) ; Classification number, CALL (RLIN) (NR) KZ6515
Local cutter number (OCLC) ; Book number/undivided call number, CALL (RLIN) .Y36 2007
100 1# - MAIN ENTRY--PERSONAL NAME
Personal name Yamaner, Melike Batur
245 10 - TITLE STATEMENT
Title Silahlı çatışmalarda sivillerin korunması
Medium [electronic resource] /
Statement of responsibility, etc. Melike Batur Yamaner
260 ## - PUBLICATION, DISTRIBUTION, ETC.
Place of publication, distribution, etc. İstanbul :
Name of publisher, distributor, etc. Arıkan Basım Yayım Dağıtım,
Date of publication, distribution, etc. 2007
300 ## - PHYSICAL DESCRIPTION
Extent 220 p.
650 #4 - SUBJECT ADDED ENTRY--TOPICAL TERM
Topical term or geographic name entry element Hukuk
650 #4 - SUBJECT ADDED ENTRY--TOPICAL TERM
Topical term or geographic name entry element Law
650 #0 - SUBJECT ADDED ENTRY--TOPICAL TERM
Topical term or geographic name entry element Savaş
General subdivision Sivillerin korunması
650 #0 - SUBJECT ADDED ENTRY--TOPICAL TERM
Topical term or geographic name entry element War
General subdivision Protection of civilians
650 #0 - SUBJECT ADDED ENTRY--TOPICAL TERM
Topical term or geographic name entry element İnsani hukuk
650 #0 - SUBJECT ADDED ENTRY--TOPICAL TERM
Topical term or geographic name entry element Humanitarian law
650 #0 - SUBJECT ADDED ENTRY--TOPICAL TERM
Topical term or geographic name entry element Siviller, Savaşta
650 #0 - SUBJECT ADDED ENTRY--TOPICAL TERM
Topical term or geographic name entry element Civilians in war
650 #7 - SUBJECT ADDED ENTRY--TOPICAL TERM
Topical term or geographic name entry element POLITICAL SCIENCE / Civil Rights
Source of heading or term bisacsh
856 40 - ELECTRONIC LOCATION AND ACCESS
Uniform Resource Identifier <a href="http://search.ebscohost.com/login.aspx?direct=true&scope=site&db=e011xww&AN=652796">http://search.ebscohost.com/login.aspx?direct=true&scope=site&db=e011xww&AN=652796</a>
Holdings
Withdrawn status Lost status Source of classification or shelving scheme Damaged status Not for loan Collection code Permanent Location Current Location Date acquired Total Checkouts Full call number Barcode Date last seen Price effective from Koha item type
        Online   Kıbrıs Amerikan Üniversitesi Kütüphanesi / American University of Cyprus Kıbrıs Amerikan Üniversitesi Kütüphanesi / American University of Cyprus 28.10.2020   KZ6515 .Y36 2007 652796 28.10.2020 28.10.2020 E-Kitap
Devinim Yazılım Eğitim Danışmanlık tarafından Koha'nın orjinal sürümü uyarlanarak geliştirilip kurulmuştur.